000 00627nam a2200193 a 4500
005 20140310183446.0
008 970101s19uu xx 00 eng d
020 _a971118074x
050 _aPN 2910
_b.R33 1997
100 _aReyes, Emmanuel A.
245 _aNotes on philippine cinema /
_cEmmanuel A. Reyes.
260 _aManila :
_bDe La Salle University Press,
_c1997.
300 _a207 p. :
_b23 cm.
500 _aIncludes bibliographical references and index.
650 _aCinema
_xphilippines
650 _aMotion pictures
_xnotes & reviews
_x3.Motion pictures
_xphilippines
942 _cBK
_2lcc
_kFLIR
999 _c23254
_d23254